Can You Name Every Coaster to Ever Exist At Six Flags Magic Mountain? - Statistics

General Stats
  • This quiz has been taken 22 times
  • The average score is 21 of 28
Answer Stats
Hint Answer % Correct
1971 Gold Rusher
94%
2003 Scream
94%
2006 Tatsu
94%
1990 Viper
94%
2002 X2
94%
2009 Apocalypse
88%
2013 Full Throttle
88%
2000 Goliath
88%
1988 Ninja
88%
2015 Twisted Colossus
88%
2020 West Coast Racers
88%
2022 Wonder Woman Flight of Courage
88%
1994 Batman The Ride
82%
1999 Canyon Blaster
82%
2001 Deja Vu
82%
1979 Colossus
76%
1971 Magic Flyer
76%
1998 Riddler's Revenge
76%
1976 New Revolution
71%
2011 Road Runner Express
71%
1997 Superman Escape From Krypton
71%
1992 Flashback
65%
2011 Green Lantern First Flight
65%
2014 Speedy Gonzales
65%
1991 Psyclone
47%
1986 Shockwave
47%
1973 Mountain Express
35%
1984 Sarajevo Bobsleds
29%
No matching quizzes found
Score Distribution
Percent of People with Each Score
Percentile by Number Answered
Your Score History
You have not taken this quiz